| 000 | 00782cab a2200241 4500 | ||
|---|---|---|---|
| 001 | ABS47670 | ||
| 008 | 090401t1992 xxu||||| |||| 00| 0 eng d | ||
| 035 | _a(Sirsi) u62963 | ||
| 041 | _aeng | ||
| 100 | _aCoote, A.M. | ||
| 245 | _aHandling update : it is the data that lasts not the system | ||
| 260 | _c1992 | ||
| 350 | _a0 | ||
| 490 |
_aSurveying World _v1(1) November 1992 |
||
| 520 | _aAn abridged version of a paper delivered at AGI`92 reviewing the issues involved in the maintenance of spatial data. Argues that this is not always given the priority it deserves. | ||
| 650 | _aGIS | ||
| 650 | _aGIS | ||
| 650 | _aSPATIAL DATA | ||
| 690 | _aMANAGEMENT-BUSINESS MANAGEMENT-INFORMATION MANAGEMENT | ||
| 700 | _aRackham, L. | ||
| 942 | _n0 | ||
| 948 | _c04/03/1997 | ||
| 999 |
_c39124 _d39124 |
||